000 00369nam a22001577a 4500
005 20160427150351.0
008 160427b xxu||||| |||| 00| 0 eng d
020 _a81-2591275-4
041 _aeng
082 _b00387
100 _aKalavathy S
_968
245 _aOperations Research
260 _aNew Delhi
_bVikas Publishing House,
_c2008
300 _a536
942 _cBK
999 _c120
_d120